000 00733nam a2200205 a 4500
001 BRCA_465
005 20190320203025.0
008 020805s2003----sp-a---###---#000-0#spa-d
020 _a8488439334
050 4 _aNK4340
_b.T67 2003
100 1 _aMaquedano Carrasco, Bienvenido
_91598
245 1 0 _aLos orígenes de la azulejería talaverana
_blas casas de Vargas
_cBienvenido Maquedano Carrasco.
260 _aEspaña
_bAyuntamiento de Talavera de la Reina
_c2003
300 _a183 p.
_bil. (algunas a color), tablas
_c24 cm.
500 _aBibliografía: p. 175-181
610 2 4 _alas casas de Vargas
_zEspaña
_91599
650 1 4 _aCerámica de Talavera
_91600
651 4 _aTalavera de la Reina (España)
_xHistoria
_91601
942 _2lcc
_cB
999 _c400
_d400